Topologie algébraique et théorie des faisceaux
Salvato in:
| Autore principale: | |
|---|---|
| Natura: | Libro |
| Lingua: | francese |
| Pubblicazione: |
París
Hermann
1964
|
| Serie: | Publications de l'Institut de Mathématique de l'Université de Strasbourg, 13
|
| Soggetti: | |
| Tags: |
Aggiungi Tag
Nessun Tag, puoi essere il primo ad aggiungerne!!
|
MARC
| LEADER | 00000nam a2200000 a 4500 | ||
|---|---|---|---|
| 001 | UCQ9109 | ||
| 003 | CL-VaPUC | ||
| 008 | 981230e19640000FR |||||||||||||||||fre|d | ||
| 082 | 0 | 4 | |a 514.2 |b GOD |2 21 |
| 100 | |a Godement, Roger |e author |9 426290 | ||
| 245 | 1 | 0 | |a Topologie algébraique et théorie des faisceaux |
| 300 | |a 283 p | ||
| 942 | |c BK | ||
| 945 | |d 19981230 00:00:00 |a crobeson | ||
| 260 | |a París |b Hermann |c 1964 | ||
| 650 | 0 | |a Topología algebraica |9 269858 | |
| 650 | 0 | |a Álgebra homológica |9 270579 | |
| 650 | 0 | |a Teoría de grupos |9 270028 | |
| 583 | |a last modification |c 19981230 00:00:00 |k Rodrigo Vera | ||
| 490 | 0 | |a Publications de l'Institut de Mathématique de l'Université de Strasbourg, 13 | |
| 999 | |c 278205 |d 278203 | ||
| 952 | |0 0 |1 0 |4 0 |6 514_200000000000000_GOD_1964 |7 0 |8 A |9 316636 |a BIBMAT |b BIBMAT |d 2019-11-20 |i 1312006 |o 514.2 GOD 1964 |p 1312006 |r 2025-01-07 |w 2019-11-20 |y BK |k MAT | ||
| 952 | |0 0 |1 0 |4 0 |6 514_200000000000000_GOD_1964 |7 0 |8 A |9 316637 |a BIBMAT |b BIBMAT |d 2019-11-20 |i 1312308 |o 514.2 GOD 1964 |p 1312308 |r 2025-01-07 |w 2019-11-20 |y BK |k MAT | ||